Contemporary cases in tourism. (Record no. 218826)
[ view plain ]
| 000 -LEADER | |
|---|---|
| fixed length control field | 01374nam a2200313 a 4500 |
| 245 00 - TITLE STATEMENT | |
| Title | Contemporary cases in tourism. |
| 260 ## - PUBLICATION, DISTRIBUTION, ETC. (IMPRINT) | |
| Place of publication | Woodeaton, Oxford : |
| Name of publisher | Goodfellow Publishers Ltd., |
| Year of publication | 2011. |
| 300 ## - PHYSICAL DESCRIPTION | |
| Number of Pages | xvi, 235 p. : |
| Other physical details | ill., maps. |
| 490 0# - SERIES STATEMENT | |
| Series statement | Contemporary cases in tourism, heritage, hospitality, leisure, retail, events, sports |
| 500 ## - GENERAL NOTE | |
| General note | "Contemporary Cases Online"--Cover. |
| 505 0# - FORMATTED CONTENTS NOTE | |
| Formatted contents note | section 1. Marketing tourism -- section 2. Sustainable tourism -- section 3. Niche tourism. |
| 650 #0 - SUBJECT ADDED ENTRY--TOPICAL TERM | |
| Topical Term | Tourism. |
| 700 1# - ADDED ENTRY--PERSONAL NAME | |
| Personal name | Garrod, B. |
| Personal name | Fyall, Alan. |
| 856 40 - ELECTRONIC LOCATION AND ACCESS | |
| Uniform Resource Identifier | http://site.ebrary.com/lib/rucke/Doc?id=10506619 |
No items available.
